000 00385cam a2200169ua 4500
020 _a8186321152
082 _a631.1
_bMIC/PR
100 _aMichael, A.M.
_9114
245 _aPrinciples of Agricultural Engineering, Vol 2 /
250 _a2 / 3 rd
260 _aNew Delhi :
_bJain Brothers ,
_c2012
300 _a888
700 1 _aOjha, T.P.
_9873
942 _cBK
999 _c72
_d72
003 @
003 OSt